000
00309nam a22001337a 4500
003
SGT
082
_a
615.532
_b
R16R
100
_a
RAHMAN,SK. SHAMSUR
245
_a
RED-LINE PRESCRIPTION BY HOMOEOPATHY GURUS
260
_a
INDIA
_b
B. JAIN PUB
_c
2016
300
_a
192
650
_a
HOMOEOPATHIC
942
_2
ddc
_c
BK
999
_c
18628
_d
18628